Central Library OPAC University of Rajshahi

ইসলামী পুনর্জাগরণের পথ ও পদ্ধতি = The way and the Method of Islamic Renaissance : (Record no. 75541)

MARC details
000 -LEADER
fixed length control field 01843ntm a2200277 a 4500
001 - CONTROL NUMBER
control field 75541
003 - CONTROL NUMBER IDENTIFIER
rucl marc code BD-RjUL
005 - DATE AND TIME OF LATEST TRANSACTION
control field 20211209082716.0
008 - FIXED-LENGTH DATA ELEMENTS--GENERAL INFORMATION
fixed length control field 190423b 2016bg ||||| bm|| 00| 0 ben d
035 ## - SYSTEM CONTROL NUMBER
System control number (BD-RjUL)75759
040 ## - CATALOGING SOURCE
Original cataloging agency BD-RjUL
Language of cataloging ben/eng
Transcribing agency BD-RjUL
Modifying agency BD-RjUL
041 ## - LANGUAGE CODE
Language code of text/sound track or separate title ben
082 ## - DEWEY DECIMAL CLASSIFICATION NUMBER
Edition number 21
Classification number 297.09
Author mark and year HUI 2016
100 1# - MAIN ENTRY--PERSONAL NAME
Personal name হুসাইন, মুহা. মুযাফফর
9 (RLIN) 231057
245 10 - TITLE STATEMENT
Title ইসলামী পুনর্জাগরণের পথ ও পদ্ধতি = The way and the Method of Islamic Renaissance :
Remainder of title একটি তাত্ত্বিক বিশ্লেষণ = A Theoritical Analysis /
Statement of responsibility, etc. মুহা. মুযাফফর হুসাইন ;
Linkage প্রিন্সিপ্যাল সুপারভাইজার : মো. আব্দুস সালাম , কো-সুপারভাইজার: মু. আব্দুল হক
246 ## - VARYING FORM OF TITLE
Title proper/short title The way and the Method of Islamic Renaissance:
Remainder of title A Theoritical Analysis
260 ## - PUBLICATION, DISTRIBUTION, ETC. (IMPRINT)
Place of publication, distribution, etc. রাজশাহী :
Name of publisher, distributor, etc. আরবী বিভাগ, রাজশাহী বিশ্ববিদ্যালয়,
Date of publication, distribution, etc. ২০১৬
300 ## - PHYSICAL DESCRIPTION
Pagination xiii, ৩৫৫ পাতা ;
Size ৩০ সেমি.
502 ## - DISSERTATION NOTE
Dissertation note থিসিস (পিএইচ. ডি.)-- আরবী বিভাগ, রাজশাহী বিশ্ববিদ্যালয়, ২০১৬
504 ## - BIBLIOGRAPHY, ETC. NOTE
Bibliography, etc গ্রন্থপঞ্জি: পাতা ৩৪০-৩৫৫
650 ## - SUBJECT ADDED ENTRY--TOPICAL TERM
Topical term or geographic name as entry element ইসলাম ধর্ম
General subdivision ইতিহাস
9 (RLIN) 231058
Topical term or geographic name as entry element Islam
General subdivision History
9 (RLIN) 231059
700 ## - ADDED ENTRY--PERSONAL NAME
Personal name সালাম, মো. আব্দুস, প্রিন্সিপ্যাল সুপারভাইজার
Personal name হক, মু. আব্দুল, কো-সুপারভাইজার
942 ## - ADDED ENTRY ELEMENTS (KOHA)
Source of classification or shelving scheme Dewey Decimal Classification
Koha item type Theses
Holdings
Lost status Source of classification or shelving scheme Damaged status Not for loan Collection code Permanent Location Current Location Shelving location Date acquired Source of acquisition Total Checkouts Full call number Date last seen Copy number Koha item type
  Dewey Decimal Classification   Not For Loan Theses Central Library, University of Rajshahi Central Library, University of Rajshahi Documentation Section 17/01/2018 Controller of Examination Office, R. U.   BTHE 297.09 HUI 2016 23/04/2019 C-1 Theses